| 000 | 00676nam a22001935i 4500 | ||
|---|---|---|---|
| 001 | 154530 | ||
| 003 | ES-MaACL | ||
| 005 | 20230906205751.0 | ||
| 008 | 961110s1870 sp |||| | spa d | ||
| 040 |
_aCARM _bspa _cCCPB | SIC |
||
| 100 | 1 |
_aGonzález, Emmanuel. _958307 |
|
| 245 | 1 | 3 |
_aLa novicia / _cde Emmanuel Gonzalez. |
| 260 |
_aMadrid : _b[s.n.], _c1870 ( _fImprenta de la Correspondencia de España) |
||
| 300 |
_a64 p. ; _c24 cm. |
||
| 490 | 1 | _aLa Correspondencia de España | |
| 830 | 0 |
_aLa Correspondencia de España _9221501 |
|
| 852 |
_aES-MaACL _jG-4760(10) _z-- Enc. hol. _z-- Enc. en un vol. facticio _z.- Legado M. de la Fuente |
||
| 999 |
_c154530 _d154530 |
||